000 00447nam a2200205Ia 4500
008 240513s9999 xx 000 0 und d
020 _a817808497X
041 _aEng
082 _a005.1
082 _bS55
100 _aSOMMERVILLE, I.
245 0 _aSoftware Engineering
250 _a6th ed.
260 _bNew Delhi : Pearson
260 _c2001
300 _a693 p.
650 _aSoftware Engineering
942 _2ddc
942 _cLBK
999 _c21805
_d21805
945 _a1
_bMadushi Gamage
_c1
_dMadushi Gamage